000 01558cam a22004814i 4500
003 PE-LiUPU
005 20250731173236.0
008 150625s1993 sp r 000 0 spa d
020 _a8487699693
020 _a9788487699696
035 _a(Sirsi) a35029
040 _aPE-LiUPU
_bspa
_cPE-LiUPU
_erda
049 _aPRUA
082 0 4 _a230.142
_bS2
_221
245 0 3 _aLo Santo y lo Sagrado /
_cedición de Félix Duque.
264 1 _aMadrid :
_bTrotta,
_c1993.
300 _a222 páginas ;
_c23 centímetros.
336 _atext
_2rdacontent
337 _aunmediated
_2rdamedia
338 _avolume
_2rdacarrier
490 0 _aFilosfía
505 0 _aComprensión de lo sagrado -- Narrativa de lo sagrado.
526 _aSEG42
526 _aSEG41
526 _aSEG40
526 _aSEG39
526 _aP94
526 _aP87
526 _aP86
526 _aP85
526 _aP77
526 _aP76
526 _aP35
650 0 4 _aFilosofía de la religión
_v estudios y conferencias.
700 1 _aDuque Félix,
_eeditor.
910 _adbm
_bncf
_cncf
_d20190528
942 _2ddc
_cBOOK
949 _a230.142 S2
_wDEWEY
_c1
_i37027
_lCCODEBUL1
_mBUL
_p00.00
_r0
_sY
_tBOOK
_u2015-06-25
_xBIBLIOTECA
_zUNKNOWN
_0COMPRA
_o.STAFF. Colección Teología
994 _aC0
_bPEPRU
596 _a1
999 _a230.142 S2
_wDEWEY
_c42951
_i37027
_f2021-11-9
_g7
_lCCODEBUL1
_mBUL
_p24.91
_r0
_sY
_tBOOK
_u2015-6-25
_xTEOLOGIA
_PP35
_0COMPRA
_o.STAFF. Colección Teología
_d42951
980 _81
_gALBERTO SANCHEZ Responsable de Automatización